|
|
|
|
| LEADER |
00000cam a2200000 7i4500 |
| 001 |
0000002882 |
| 005 |
20240926.0 |
| 008 |
991201 enk eng |
| 040 |
|
|
|a INS
|
| 090 |
0 |
0 |
|a HD5915
|b .B967
|
| 245 |
0 |
0 |
|a Business training services :
|b Vol. 1 - 5
|
| 264 |
|
1 |
|a London :
|b TVG
|
| 300 |
|
|
|c 30 cm.
|
| 336 |
|
|
|a text
|2 rdacontent
|
| 337 |
|
|
|a unmediated
|2 rdamedia
|
| 338 |
|
|
|a volume
|2 rdacarrier
|
| 650 |
|
0 |
|a Business
|
| 650 |
|
0 |
|a Commercial correspondence
|
| 999 |
|
|
|a 0000005783
|b BOOK
|c Open Shelf
|e Default branch
|
| 999 |
|
|
|a 0000005784
|b BOOK
|c Open Shelf
|e Default branch
|
| 999 |
|
|
|a 0000005785
|b BOOK
|c Open Shelf
|e Default branch
|
| 999 |
|
|
|a 0000005786
|b BOOK
|c Open Shelf
|e Default branch
|
| 999 |
|
|
|a 0000005787
|b BOOK
|c Open Shelf
|e Default branch
|